| 000 | 00531nam a22002057a 4500 | ||
|---|---|---|---|
| 003 | OSt | ||
| 005 | 20230928140054.0 | ||
| 008 | 150320b xxu||||| |||| 00| 0 eng d | ||
| 020 | _a0632019239 | ||
| 040 | _cDNLM | ||
| 082 | _aWS 350 B244b 1988 | ||
| 100 |
_aBarker, Philip _93228 |
||
| 245 | _aBasic Child Psychiatry | ||
| 250 | _a5th ed. | ||
| 260 |
_aOxford: _bBlackwell Scientific science; _c1988 |
||
| 300 |
_axvi, 399 p: _bill; _c26cm. |
||
| 504 | _aIncludes index | ||
| 650 |
_aChild Psychiatry _93229 |
||
| 942 |
_2z _cSLOAN |
||
| 999 |
_c1187 _d1187 |
||